<?xml version="1.0" encoding="UTF-8"?>
<record
    xmlns:xsi="http://www.w3.org/2001/XMLSchema-instance"
    xsi:schemaLocation="http://www.loc.gov/MARC21/slim http://www.loc.gov/standards/marcxml/schema/MARC21slim.xsd"
    xmlns="http://www.loc.gov/MARC21/slim">

  <leader>00781nam a22001937a 4500</leader>
  <datafield tag="999" ind1=" " ind2=" ">
    <subfield code="c">194042</subfield>
    <subfield code="d">194042</subfield>
  </datafield>
  <controlfield tag="005">20230508163329.0</controlfield>
  <datafield tag="010" ind1=" " ind2=" ">
    <subfield code="a">B-747525-526                        E.N.A./7.11.22</subfield>
  </datafield>
  <datafield tag="020" ind1=" " ind2=" ">
    <subfield code="a">9788120804357</subfield>
    <subfield code="c">795.00</subfield>
  </datafield>
  <datafield tag="035" ind1=" " ind2=" ">
    <subfield code="a">B-747525-526   </subfield>
  </datafield>
  <datafield tag="037" ind1=" " ind2=" ">
    <subfield code="b">Motilal Banarsidass Publishers</subfield>
  </datafield>
  <datafield tag="082" ind1=" " ind2=" ">
    <subfield code="a">954</subfield>
  </datafield>
  <datafield tag="100" ind1=" " ind2=" ">
    <subfield code="a">Majumdar, C. R.</subfield>
  </datafield>
  <datafield tag="245" ind1=" " ind2=" ">
    <subfield code="a">Ancient India/</subfield>
    <subfield code="c">R.C. Majumdar</subfield>
  </datafield>
  <datafield tag="260" ind1=" " ind2=" ">
    <subfield code="a">Delhi</subfield>
    <subfield code="b">Motilal Banarsidass Publishers</subfield>
    <subfield code="c">2018</subfield>
  </datafield>
  <datafield tag="270" ind1=" " ind2=" ">
    <subfield code="a">41U.A. Bungalow Road, Jawahar Nagar,</subfield>
    <subfield code="b">Delhi</subfield>
    <subfield code="e">110007</subfield>
  </datafield>
  <datafield tag="300" ind1=" " ind2=" ">
    <subfield code="a">538p.</subfield>
    <subfield code="b">ill.</subfield>
    <subfield code="c">23cm(hbk)</subfield>
  </datafield>
  <datafield tag="942" ind1=" " ind2=" ">
    <subfield code="2">ddc</subfield>
    <subfield code="c">EN</subfield>
    <subfield code="m">MAJ</subfield>
    <subfield code="h">954</subfield>
  </datafield>
  <datafield tag="952" ind1=" " ind2=" ">
    <subfield code="0">0</subfield>
    <subfield code="1">0</subfield>
    <subfield code="4">0</subfield>
    <subfield code="7">0</subfield>
    <subfield code="8">NFIC</subfield>
    <subfield code="a">L</subfield>
    <subfield code="b">L</subfield>
    <subfield code="d">2023-05-08</subfield>
    <subfield code="e">Motilal Banarsidass/668/30.11.22/179/23.11.22/13.12.22</subfield>
    <subfield code="g">795.00</subfield>
    <subfield code="l">12</subfield>
    <subfield code="m">10</subfield>
    <subfield code="o">954 MAJ</subfield>
    <subfield code="p">B-747525</subfield>
    <subfield code="r">2025-12-24 00:00:00</subfield>
    <subfield code="s">2025-12-09</subfield>
    <subfield code="t">1</subfield>
    <subfield code="v">795.00</subfield>
    <subfield code="w">2023-05-08</subfield>
    <subfield code="y">EN</subfield>
  </datafield>
  <datafield tag="952" ind1=" " ind2=" ">
    <subfield code="0">0</subfield>
    <subfield code="1">0</subfield>
    <subfield code="4">0</subfield>
    <subfield code="7">0</subfield>
    <subfield code="8">NFIC</subfield>
    <subfield code="a">ZLS</subfield>
    <subfield code="b">ZLS</subfield>
    <subfield code="d">2023-05-08</subfield>
    <subfield code="e">Motilal Banarsidass/668/30.11.22/179/23.11.22/13.12.22</subfield>
    <subfield code="g">795.00</subfield>
    <subfield code="l">7</subfield>
    <subfield code="m">6</subfield>
    <subfield code="o">954 MAJ</subfield>
    <subfield code="p">B-747526</subfield>
    <subfield code="r">2025-05-14 00:00:00</subfield>
    <subfield code="s">2025-05-13</subfield>
    <subfield code="t">1</subfield>
    <subfield code="v">795.00</subfield>
    <subfield code="y">EN</subfield>
  </datafield>
</record>
